| 000 | 00434nam a2200193Ia 4500 | ||
|---|---|---|---|
| 005 | 20250326145529.0 | ||
| 008 | 250326s9999 xx 000 0 und d | ||
| 037 | _aTextbook | ||
| 040 |
_aFMSL _beng _cFMSL |
||
| 041 |
_aeng _2eng |
||
| 084 | _qFMSL | ||
| 100 | _aKapila U | ||
| 245 | 0 |
_aIndian economy _cKapila U |
|
| 260 | _c2015 | ||
| 365 | _b1485 | ||
| 650 | _aManagement | ||
| 942 | _cTB | ||
| 999 |
_c1307892 _d1307892 |
||